000 00897cam a2200265 a 4500
001 000006024
005 20200929151905.0
008 750913s1979 mx a b f001 0 spa d
020 _c9681307410
040 _aDO-SdBNP
_cDLC
_dDLC
_dBNPHU
082 _a972.16
_bA719i
100 1 _aArizpe S., Lourdes.
_916975
245 1 0 _aIndígenas en la ciudad de México :
_bel caso de las "Marías" /
_cLourdes Arizpe S.
260 _aMéxico :
_bSecretaría de Educación Pública,
_c1979.
300 _a156 p. :
_bil. ;
_c17 cm.
490 1 _aSep Diana
_v182
504 _aBibliografía: p. 155-156.
650 4 _aIndígenas de méxico
_916976
650 4 _aVendedores ambulantes
_916977
650 4 _aMigración rural-urbana
_zMéxico
_916978
651 4 _aCiudad De México
_xCondiciones Sociales
_916979
830 0 _aSep Diana ;
_v182
_916980
910 _aCatalogación derivada / LC
049 _aBNGR
999 _c5820
_d5820